000 00295nam a2200097Ia 4500
008 230915s9999 xx 000 0 und d
050 _aHD38.5.C76 2012
100 _aBARRY CROCKER
245 0 _aINBOUND LOGISITICS MANAGEMENT: STORAGE AND SUPPLY MATERIALS FOR THE MODERN SUPPLY CHAIN
942 _cBK
999 _c76692
_d76692